00958nam a2200265 i 4500001001000000003000900010005001700019007000300036008004100039020001500080040003000095041000800125082002300133100003300156245012900189264006500318300005800383336002700441337003300468338002800501650005600529700004000585700003000625700003700655000013738DO-SdBNP20241024111920.0ta091130e2003 dr ab gr 001 0 spa d a9993403539 aDO-SdBNPbspacBNPHUerda hspa 4a595.789bT136g2221 aTakizawa, Haruo4aut.eautor10aGuía de mariposas diurnas de la Hispaniola /cHaruo Takizawa, Sardis Medrano Cabral, Denia Veloz ; prólogo Julio Cicero. 4aSanto Domingo :bMuseo Nacional de Historia Natural,c©2003 a11, [58] páginas :bilustraciones, mapas ;c25 cm. atextobtxt2rdacontent asin mediaciónbn2rdamedia avolumenbnc2rdacarrier 4aMariposaszRepública DominicanaxIdentificación1 aMedrano Cabral, Sardiseautor4aut.1 aVeloz, Deniaeautor4aut.1 aCicero, Julio,eprologuista4pr.